| 000 | 00604nam a2200193Ia 4500 | ||
|---|---|---|---|
| 003 | GCL | ||
| 008 | 140319s9999 xx 000 0 ara d | ||
| 040 |
_aGCL / _cGCL |
||
| 082 | 0 | 4 |
_a416 _bص م |
| 100 | 1 | _aصابر عبدالدايم | |
| 245 | 1 | 0 |
_aموسيقى الشعر العربى بين الثبات والتطوير / _cصابر عبدالدايم |
| 260 |
_a[S.N] : _bمكتبة الخانجى ، _c1993 |
||
| 300 | _a248 ص | ||
| 490 | _a | ||
| 650 | 0 | 4 | _aالشعر العربى |
| 650 | 0 | 4 | _aالاوزان الشعرية |
| 650 | 0 | 4 | _aالعروض والقوافى |
| 942 |
_2ddc _cBK |
||
| 999 |
_c36782 _d36782 |
||